000 00515nam a2200181 a 4500
005 20140310183559.0
008 111119s19uu xx 00 eng d
020 _a9780789742018
050 _aQA 76.76.O63
_b.J66 2010
100 _aJohnson, Steve
245 _aMicrosoft windows 7 :
_bon demand /
_cSteve Johnson.
260 _aIndiana, USA :
_bQue Publishing,
_c2010.
300 _a556 p. :
_c24 cm.
521 _aIT
650 _aMicrosoft windows (Computer files)
942 _cBK
_2lcc
_kFOR
999 _c25064
_d25064